| 000 | 00936nam a2200277 a 4500 | ||
|---|---|---|---|
| 003 | DO-SdBNP | ||
| 005 | 20220329114144.0 | ||
| 007 | ta | ||
| 008 | 220329r20071958spa||||er|||| 00| fbspa d | ||
| 040 |
_aDO-SdBNP _bspa _cBNPHU |
||
| 082 | 4 |
_222 _bB869E |
|
| 100 | 1 |
_aBrontë, Charlotte, _d1816-1855. _981387 |
|
| 245 | 1 | 0 |
_aJane Eyre / _cCharlotte Brontë; Traductor, Juan G. de Lucas; Prólogo, Emiliano M. Aguilera |
| 260 |
_aBarcelona, España : _bIberia, _c2007 |
||
| 300 |
_a449 p. : _c19 cm. |
||
| 490 | _aObras Maestras | ||
| 500 | _aIncluye datos biográficos de la autora, p. v- x | ||
| 590 | _aInventariado 2022 / MF | ||
| 650 | 4 |
_921272 _aLiteratura Clásica _xTraduciones del Inglés |
|
| 650 | 4 |
_912571 _aNovela de Ciencia Ficción Americana |
|
| 700 | 1 |
_942919 _aLucas, Juan G. de _etrad. |
|
| 700 | 1 |
_a Aguilera, Emiliano M. _epról. _981388 |
|
| 830 |
_nObras Maestras _914105 |
||
| 910 | _aMFeliz | ||
| 942 |
_2ddc _cLBS1 |
||
| 999 |
_c51439 _d51439 |
||